[Event "FIDE WCh Women KO"]
[Site "Moscow RUS"]
[Date "2001.12.01"]
[Round "3.1"]
[White "Khurtsidze,N"]
[Black "Kovalevskaya,E"]
[Result "1-0"]
[WhiteElo "2425"]
[BlackElo "2486"]
[EventDate "2001.11.27"]

1. d4 d5 2. c4 c6 3. e3 Nf6 4. Nf3 Bf5 5. Nc3 e6 6. Nh4 Be4 7. f3 Bg6 8.
Qb3 Qc7 9. Bd2 Be7 10. Nxg6 hxg6 11. O-O-O Nbd7 12. Kb1 Nb6 13. cxd5 exd5
14. h3 Nh5 15. Bd3 Ng3 16. Rhe1 O-O 17. e4 dxe4 18. fxe4 Rad8 19. Be3 Bh4
20. Ne2 Nxe2 21. Rxe2 Qd6 22. Bc2 Kh7 23. Rf1 Qe6 24. Rf4 Be7 25. Qxe6 fxe6
26. Bb3 Rxf4 27. Bxf4 Rxd4 28. Bxe6 Nc4 29. Bb8 Bg5 30. Bxc4 Rxc4 31. b3
Rc1+ 32. Kb2 Rc5 33. Bxa7 Bf6+ 34. Kb1 Ra5 35. Bb6 Ra8 36. e5 Re8 37. Bc7
Kg8 38. Rf2 Be7 39. Kc2 Rf8 40. Rxf8+ Kxf8 41. Kd3 Kf7 42. Ke4 Ke6 43. Bb6
Ba3 44. Bd8 Bb2 45. Bc7 Bc3 46. Kf4 Bd2+ 47. Kg4 Bc1 48. Bd6 Bd2 49. Bf8
Kf7 50. Ba3 Bc3 51. Kf4 Ba1 52. Bc5 Bb2 53. Ke4 Ke6 54. Bd4 Ba3 55. Kf4 Be7
56. Bc3 Bd8 57. Kg4 Be7 58. h4 Bd8 59. h5 gxh5+ 60. Kxh5 Kf7 61. g4 Be7 62.
e6+ Kxe6 63. Bxg7 Kf7 64. Bc3 b5 65. g5 c5 66. g6+ Kg8 67. a4 b4 68. Bb2
Bd8 69. Kg4 Kf8 70. Kf5 Ba5 71. Ke6 Bc7 72. Kd5 1-0

[Event "FIDE WCh Women KO"]
[Site "Moscow RUS"]
[Date "2001.12.01"]
[Round "3.1"]
[White "Paehtz,E"]
[Black "Foisor,C"]
[Result "1/2-1/2"]
[WhiteElo "2392"]
[BlackElo "2444"]
[EventDate "2001.11.27"]

1. e4 c6 2. d4 g6 3. Nc3 d5 4. Nf3 Bg7 5. h3 Nf6 6. Bd3 dxe4 7. Nxe4 Nxe4
8. Bxe4 Bf5 9. Bxf5 Qa5+ 10. c3 Qxf5 11. Qb3 Qb5 12. Qxb5 cxb5 13. O-O O-O
14. Bg5 e6 15. Rad1 h6 16. Bh4 g5 17. Bg3 Nd7 18. Ra1 Nb6 1/2-1/2

[Event "FIDE WCh Women KO"]
[Site "Moscow RUS"]
[Date "2001.12.01"]
[Round "3.1"]
[White "Baginskaite,C"]
[Black "Xu Yuhua"]
[Result "0-1"]
[WhiteElo "2336"]
[BlackElo "2485"]
[EventDate "2001.11.27"]

1. Nf3 c5 2. c4 Nc6 3. d4 cxd4 4. Nxd4 g6 5. e4 Bg7 6. Be3 Nf6 7. Nc3 d6 8.
Be2 Nxd4 9. Bxd4 O-O 10. O-O Be6 11. Rc1 Qa5 12. f3 Rfc8 13. b3 a6 14. Qd2
b5 15. cxb5 axb5 16. Bxb5 Rxc3 17. Rxc3 Qxb5 18. Rfc1 Qa5 19. R1c2 h5 20.
Rd3 Qa6 21. Rdc3 Qa5 22. Rd3 Qa3 23. Qc3 Kh7 24. Rdd2 Bh6 25. Rd1 Nd7 26.
h4 Bf4 27. Kf2 Qa6 28. Qd3 Qb7 29. Qc3 Ne5 30. g3 Bh6 31. Bxe5 Rc8 32. Qb2
dxe5 33. Rxc8 Qxc8 34. b4 Bc4 35. Kg2 Qa6 36. a3 Be3 37. Qc2 Qb5 38. Qc3
Bf1+ 0-1

[Event "FIDE WCh Women KO"]
[Site "Moscow RUS"]
[Date "2001.12.01"]
[Round "3.1"]
[White "Peng Zhaoqin"]
[Black "Dworakowska,J"]
[Result "0-1"]
[WhiteElo "2443"]
[BlackElo "2358"]
[EventDate "2001.11.27"]

1. d4 f5 2. g3 Nf6 3. Bg2 g6 4. Nh3 Bg7 5. Nf4 Nc6 6. O-O e5 7. dxe5 Nxe5
8. c3 c6 9. b3 O-O 10. Nd2 d5 11. Bb2 g5 12. Nd3 Ng6 13. e3 f4 14. exf4
gxf4 15. c4 fxg3 16. hxg3 d4 17. b4 Ng4 18. Nf3 Be6 19. Rc1 b6 20. Re1 Bf5
21. c5 Kh8 22. Qb3 a5 23. cxb6 Qxb6 24. a3 Qb5 25. Nc5 Rad8 26. Ng5 N6e5
27. f4 d3 28. fxe5 d2 29. Nf7+ Rxf7 30. Qxf7 dxc1=Q 31. Bxc1 axb4 32. Qe7
Rg8 33. Ne6 Qb6+ 34. Qc5 Qxc5+ 35. Nxc5 bxa3 36. Bxa3 Nxe5 37. Rf1 Bg6 38.
Ne6 Ra8 39. Bc5 Nd3 40. Bd6 Bh6 41. Bxc6 Ra6 42. Nd8 Bg5 43. Rf8+ Kg7 44.
Ne6+ Kh6 45. Nxg5 Rxc6 46. Bf4 Kh5 47. Nf3 Ra6 48. Nh4 0-1

[Event "FIDE WCh Women KO"]
[Site "Moscow RUS"]
[Date "2001.12.02"]
[Round "3.2"]
[White "Kovalevskaya,E"]
[Black "Khurtsidze,N"]
[Result "1/2-1/2"]
[WhiteElo "2486"]
[BlackElo "2425"]
[EventDate "2001.11.27"]

1. e4 c5 2. Nf3 d6 3. d4 cxd4 4. Nxd4 Nf6 5. Nc3 Nc6 6. f4 a6 7. Be3 Qc7 8.
Qf3 Bd7 9. Bd3 e6 10. O-O Be7 11. Qg3 g6 12. Nf3 b5 13. e5 Nh5 14. Qf2 O-O
15. Rad1 dxe5 16. Bb6 Qb7 17. fxe5 Nb4 18. Be4 Bc6 19. Bxc6 Qxc6 20. Be3
Ng7 21. a3 Nd5 22. Nxd5 exd5 23. Nd4 Qc7 24. Bh6 Bc5 25. Bxg7 Kxg7 26. Qf6+
Kg8 27. Kh1 Bxd4 28. Rxd4 Rae8 29. Rxd5 Re6 30. Qf2 Rxe5 31. Qf4 Re1 32.
Rd4 1/2-1/2

[Event "FIDE WCh Women KO"]
[Site "Moscow RUS"]
[Date "2001.12.02"]
[Round "3.2"]
[White "Foisor,C"]
[Black "Paehtz,E"]
[Result "1-0"]
[WhiteElo "2444"]
[BlackElo "2392"]
[EventDate "2001.11.27"]

1. Nf3 g6 2. g3 Bg7 3. d4 d6 4. Bg2 Nf6 5. O-O O-O 6. c4 Nc6 7. Nc3 a6 8.
e3 Rb8 9. Qe2 Nd7 10. Rd1 Re8 11. Rb1 e5 12. d5 Ne7 13. e4 f5 14. Ng5 Nf8
15. f3 h6 16. Nh3 Nh7 17. Nf2 h5 18. b4 f4 19. Rb3 g5 20. c5 Ng6 21. b5
axb5 22. cxd6 cxd6 23. Nxb5 Bf8 24. Qc2 g4 25. fxg4 Bxg4 26. Nxg4 hxg4 27.
gxf4 Nxf4 28. Qf2 Bh6 29. Kh1 Ra8 30. Rg1 Kh8 31. Bf1 Rg8 32. Rc3 Rg6 33.
Rc7 Rc8 34. Rxc8 Qxc8 35. Ba3 Qd7 36. Qa7 Bf8 37. Qb8 Kg7 38. Rg3 Rf6 39.
Qc7 Qxc7 40. Nxc7 Ng5 41. Ne8+ Kf7 42. Nxf6 Kxf6 43. Bg2 Nxg2 44. Kxg2 Nxe4
45. Rxg4 Nc3 46. Rb4 Nxd5 47. Rxb7 Nc3 48. Rb2 Ke6 49. Bb4 Na4 50. Rf2 Bh6
51. Bxd6 e4 52. Bf4 e3 53. Bxe3 1-0

[Event "FIDE WCh Women KO"]
[Site "Moscow RUS"]
[Date "2001.12.02"]
[Round "3.2"]
[White "Dworakowska,J"]
[Black "Peng Zhaoqin"]
[Result "0-1"]
[WhiteElo "2358"]
[BlackElo "2443"]
[EventDate "2001.11.27"]

1. e4 c5 2. Nf3 d6 3. d4 cxd4 4. Nxd4 Nf6 5. Nc3 a6 6. Be3 e6 7. Be2 Be7 8.
O-O O-O 9. f4 Nc6 10. Kh1 Bd7 11. Qe1 Nxd4 12. Bxd4 Bc6 13. Qg3 b5 14. a3
Qd7 15. Bd3 g6 16. f5 e5 17. Be3 Nh5 18. Qf3 Bf6 19. Rad1 Qe7 20. Ne2 Bg5
21. Bxg5 Qxg5 22. c3 Rad8 23. Bb1 Nf6 24. Ng3 h5 25. Ba2 Kg7 26. Bd5 Bxd5
27. exd5 Rc8 28. fxg6 fxg6 29. Ne4 Nxe4 30. Qxe4 Rxf1+ 31. Rxf1 Rf8 32. Rg1
Qd2 33. Qh4 Rf6 34. a4 Qxb2 35. axb5 Qxb5 36. c4 Qb4 37. g3 Qd2 38. Rb1 Rf7
39. Qe4 Rf2 40. Kg1 Re2 41. Qf3 Re1+ 42. Rxe1 Qxe1+ 43. Kg2 Qd2+ 44. Kh3 a5
45. Qa3 Qb4 46. Qc1 Qc5 47. Kg2 a4 48. Qg5 Qc7 49. Qc1 Qa7 50. Qa3 Qa6 51.
h4 Kf6 52. g4 hxg4 53. Kg3 Qb6 54. Qc1 Qd4 55. Kg2 Qf4 56. Qc2 Qf3+ 57. Kg1
g3 0-1

[Event "FIDE WCh Women KO"]
[Site "Moscow RUS"]
[Date "2001.12.02"]
[Round "3.2"]
[White "Peptan,C"]
[Black "Skripchenko,A"]
[Result "1/2-1/2"]
[WhiteElo "2462"]
[BlackElo "2497"]
[EventDate "2001.11.27"]

1. e4 c5 2. Nf3 e6 3. d4 cxd4 4. Nxd4 Nf6 5. Nc3 Nc6 6. Be3 Bb4 7. Bd3 d5
8. Nxc6 bxc6 9. exd5 exd5 10. Bd4 O-O 11. O-O Bd6 12. Qf3 Ng4 13. h3 Qh4
14. Rfd1 Nh2 15. Qe3 Bf4 16. Qe1 Nf3+ 17. gxf3 Qxh3 18. Be3 Bh2+ 19. Kh1
Bd6+ 20. Kg1 Bh2+ 1/2-1/2

[Event "FIDE WCh Women KO"]
[Site "Moscow RUS"]
[Date "2001.12.02"]
[Round "3.3"]
[White "Zhu Chen"]
[Black "Maric,A"]
[Result "1-0"]
[WhiteElo "2497"]
[BlackElo "2457"]
[EventDate "2001.11.27"]

1. d4 Nf6 2. c4 e6 3. Nf3 b6 4. g3 Ba6 5. b3 b5 6. cxb5 Bxb5 7. Bg2 Bc6 8.
O-O a5 9. Nbd2 Qc8 10. Re1 d5 11. Ne5 Bb5 12. e4 c6 13. Bb2 Be7 14. Rc1 Qb7
15. Qf3 O-O 16. Rc2 Bb4 17. Bc3 Na6 18. a4 Bxc3 19. Rxc3 Nc7 20. axb5 Nxb5
21. Rd3 Qc7 22. Ng4 Nd7 23. Ne3 Qb6 24. Nc2 Rfc8 25. Qd1 Nf6 26. Qa1 h6 27.
Na3 Nc7 28. Rc1 Na6 29. Re3 Rd8 30. Qc3 Nb4 31. Qc5 Qb7 32. Ra1 Nd7 33. Qc3
Qb6 34. h3 Rdc8 35. Ree1 Nf6 36. Rec1 Rd8 37. e5 Nd7 38. Nc2 Rac8 39. Nxb4
axb4 40. Qd3 c5 41. dxc5 Nxc5 42. Qd4 Rc6 43. Bf1 Rdc8 44. Rc2 g6 45. Rca2
Nd7 46. Qxb6 Rxb6 47. Ra8 Rbc6 48. Bb5 1-0